[Event "North Germany-chT U14 Girls"]
[Site "Guestrow"]
[Date "2013.09.14"]
[Round "3.4"]
[White "Schlimme, Johanna"]
[Black "Wolterink, Jule"]
[Result "1-0"]
[WhiteElo "926"]
[BlackElo "874"]
[PlyCount "95"]
[EventDate "2013.09.13"]
[EventType "team-swiss"]
[EventRounds "5"]
[EventCountry "GER"]
[SourceTitle "EXT 2017"]
[Source "ChessBase"]
[SourceDate "2016.10.25"]
[SourceVersion "1"]
[SourceVersionDate "2016.10.25"]
[SourceQuality "1"]
[WhiteTeam "Glueck Auf Ruedersdorf"]
[BlackTeam "Nordhorn Blanke"]
[WhiteTeamCountry "GER"]
[BlackTeamCountry "GER"]

1. e4 e6 2. d4 d5 3. e5 c5 4. c3 Nc6 5. Nf3 Qb6 6. Be2 Bd7 7. 0-0 cxd4 8. cxd4 Rc8 9. Be3 Qxb2 10. Nbd2 f6 11. Qc1 Ba3 12. Qxb2 Bxb2 13. Rab1 Bc3 14. Rxb7 Bb4 15. Bb5 Ba5 16. Bxc6 Rxc6 17. Rxa7 Bb4 18. a3 Bc3 19. a4 Bc8 20. Ra8 fxe5 21. Nxe5 Rc7 22. a5 Bb4 23. h3 Nf6 24. Ra1 0-0 25. Rb8 Bd6 26. a6 Ra7 27. Rb6 Bc7 28. Rc6 Nd7 29. Nb3 Nxe5 30. dxe5 Bxe5 31. Bxa7 Bxa1 32. Nxa1 e5 33. Bc5 Rd8 34. a7 Bb7 35. Rc7 Ba8 36. Be7 Re8 37. Nb3 Kf7 38. Bc5+ Kf6 39. Rd7 Ke6 40. Rxg7 Rd8 41. g4 d4 42. Kf1 d3 43. Ke1 e4 44. Kd2 Kd5 45. Rxh7 Kc4 46. Bb6 Kxb3 47. Bxd8 Bc6 48. g5 1-0

[Event "GER-chT North U14 Girls"]
[Site "Guestrow"]
[Date "2012.09.07"]
[Round "2.4"]
[White "Schlimme, Johanna"]
[Black "Schubert, Lea Sophie"]
[Result "0-1"]
[WhiteElo "723"]
[BlackElo "845"]
[PlyCount "44"]
[EventDate "2012.09.07"]
[EventType "team-swiss"]
[EventRounds "5"]
[EventCountry "GER"]
[SourceTitle "EXT 2015"]
[Source "ChessBase"]
[SourceDate "2014.11.20"]
[SourceVersion "1"]
[SourceVersionDate "2014.11.20"]
[SourceQuality "1"]
[WhiteTeam "Ruedersdorf"]
[BlackTeam "Guestrow/Teterow"]
[WhiteTeamCountry "GER"]
[BlackTeamCountry "GER"]

1. e4 e5 2. Nf3 Nc6 3. Bb5 a6 4. Ba4 b5 5. Bb3 Bc5 6. 0-0 Nf6 7. c3 Nxe4 8. Re1 Bxf2+ 9. Kf1 Bxe1 10. Qxe1 Nc5 11. Nxe5 Qf6+ 12. Kg1 Nxb3 13. Nxc6+ Kf8 14. axb3 dxc6 15. c4 Qd4+ 16. Kf1 Qf6+ 17. Kg1 Bg4 18. cxb5 Re8 19. Qg3 h6 20. bxa6 Bc8 21. a7 Bb7 22. Qxc7 Re1# 0-1